| 000 | 01224nam a2200289Ia 4500 | ||
|---|---|---|---|
| 001 | newyorktimescapt00gree | ||
| 003 | CaSfIA | ||
| 005 | 20210118193110.0 | ||
| 007 | cr|||| | ||
| 008 | 831110s1983 nyua d 000 0 eng d | ||
| 040 |
_aNOC _cNOC _dCaSfIA |
||
| 020 | _a0812909747 | ||
| 020 | _a9780812909746 | ||
| 035 | _a(OCoLC)10114686 | ||
| 090 |
_aPE1449 _b.G67 1983 |
||
| 100 | 1 | _aGreenman, Robert. | |
| 245 | 1 | 4 |
_aThe New York times captive vocabulary / _h[electronic resource] _cby Robert Greenman. |
| 260 |
_aNew York : _bNew York Times, _cc1983. |
||
| 300 |
_a185 p. : _bill. ; _c18 cm. |
||
| 650 | 0 | _aVocabulary. | |
| 730 | 0 | _aNew York times. | |
| 856 | 4 | 1 |
_uhttp://www.archive.org/details/newyorktimescapt00gree _zFree eBook from the Internet Archive |
| 856 | 4 | 2 |
_uhttp://www.openlibrary.org/books/OL24589257M _zAdditional information and access via Open Library |
| 942 | _cEB | ||
| 506 | _fНеобхідна авторизація на https://archive.org/ (створення облікового запису безкоштовно) | ||
| 506 | _fНеобхідна авторизація на https://openlibrary.org/ (створення облікового запису безкоштовно) | ||
| 999 |
_c530652 _d530652 |
||